000 00690nam a2200253Ia 4500
005 20260429111923.0
008 260429s9999||||xx |||||||||||||| ||und||
020 _a9783031190766
041 _aEnglish
082 _a510
_bHRY
100 _aHrycej, Tomas
245 0 _aMathematical foundations of data science /
_cTomas Hrycej
250 _a1st ed.
260 _aSwitzerland :
_bSpringer,
_c2023.
300 _axiii, 212 p.; pbk
650 _a Applied mathematics
650 _a Mathematical modeling
650 _a Statistics
650 _aData science
700 _a Bermeitinger, Bernhard
700 _a Cetto, Matthias
700 _a Handschuh, Siegfried
942 _cTB
999 _c51435
_d51435